[Event "Krakow op-A 34th"]
[Site "Krakow"]
[Date "2024.01.02"]
[Round "7"]
[White "Kaliszuk, Kamil"]
[Black "Marszalek, Maciej"]
[Result "1-0"]
[WhiteElo "2107"]
[BlackElo "2269"]
[PlyCount "97"]
[EventDate "2023.12.27"]
[EventType "swiss"]
[EventRounds "9"]
[EventCountry "POL"]
[SourceTitle "CB02_2024"]
[SourceDate "2024.01.10"]
[SourceVersion "1"]
[SourceVersionDate "2024.01.10"]
[SourceQuality "1"]

1. d4 Nf6 2. c4 g6 3. Nc3 Bg7 4. e4 d6 5. Be2 0-0 6. Be3 e5 7. d5 Na6 8. g4 Nc5 9. f3 a5 10. h4 h5 11. g5 Ne8 12. Qd2 Bd7 13. 0-0-0 Qb8 14. Nh3 c6 15. Nf2 Nc7 16. dxc6 Bxc6 17. Qxd6 N5e6 18. Bb6 Rd8 19. Bxc7 Rxd6 20. Bxb8 Rxd1+ 21. Nfxd1 Rxb8 22. Ne3 Bf8 23. Ncd5 Bc5 24. Nc2 Kg7 25. Rh2 Bxd5 26. cxd5 Nf4 27. Bf1 f6 28. gxf6+ Kxf6 29. Kd2 Rc8 30. a3 Ke7 31. Kd1 g5 32. hxg5 Rg8 33. Ne1 Rxg5 34. Nd3 Rg1 35. Nxf4 Rxf1+ 36. Ke2 Rc1 37. Kd2 Rf1 38. Nd3 Bd4 39. Rxh5 Rxf3 40. Nxe5 Rf2+ 41. Kd3 Bxb2 42. Rh7+ Kd8 43. Nc4 b5 44. Nxa5 Bxa3 45. Nc6+ Ke8 46. e5 Rf1 47. Rb7 Rb1 48. e6 Bd6 49. Rd7 1-0

[Event "Krakow op-A 34th"]
[Site "Krakow"]
[Date "2024.01.02"]
[Round "6"]
[White "Marszalek, Maciej"]
[Black "Kazantzoglou, Stefanos"]
[Result "1/2-1/2"]
[WhiteElo "2269"]
[BlackElo "2152"]
[PlyCount "87"]
[EventDate "2023.12.27"]
[EventType "swiss"]
[EventRounds "9"]
[EventCountry "POL"]
[SourceTitle "CB02_2024"]
[SourceDate "2024.01.10"]
[SourceVersion "1"]
[SourceVersionDate "2024.01.10"]
[SourceQuality "1"]

1. Nf3 d5 2. e3 Nf6 3. b3 e6 4. c4 Bd6 5. Be2 dxc4 6. bxc4 0-0 7. Bb2 b6 8. 0-0 Bb7 9. Nc3 Nbd7 10. d4 a6 11. Qb3 e5 12. Ba3 Bxa3 13. Qxa3 exd4 14. exd4 Ne4 15. Nxe4 Bxe4 16. Nd2 Bb7 17. Bf3 Bxf3 18. Nxf3 Re8 19. Rfe1 a5 20. Rxe8+ Qxe8 21. Re1 Qf8 22. Qa4 Rd8 23. Qc6 Qd6 24. Qxd6 cxd6 25. Rb1 Rc8 26. Nd2 d5 27. cxd5 Rc2 28. Nf1 Rxa2 29. Rc1 Ra4 30. Rc8+ Nf8 31. g3 Rxd4 32. Ne3 g6 33. Rb8 Rb4 34. d6 Kg7 35. Nd5 Rd4 36. Nc7 Nd7 37. Ne8+ Kh6 38. Rb7 Re4 39. Rxd7 Rxe8 40. Rb7 Rd8 41. Rxb6 a4 42. Ra6 a3 43. Rxa3 Rxd6 44. h4 1/2-1/2

[Event "Krakow op-A 34th"]
[Site "Krakow"]
[Date "2023.12.29"]
[Round "3"]
[White "Aakash Sharadchandra, Dalvi"]
[Black "Marszalek, Maciej"]
[Result "1-0"]
[WhiteElo "2130"]
[BlackElo "2269"]
[PlyCount "71"]
[EventDate "2023.12.27"]
[EventType "swiss"]
[EventRounds "9"]
[EventCountry "POL"]
[SourceTitle "CB02_2024"]
[SourceDate "2024.01.10"]
[SourceVersion "1"]
[SourceVersionDate "2024.01.10"]
[SourceQuality "1"]

1. d4 Nf6 2. c4 g6 3. Nc3 Bg7 4. e4 d6 5. Nf3 0-0 6. Be2 Nbd7 7. 0-0 e5 8. Qc2 c6 9. Rd1 Qe7 10. d5 c5 11. a3 h6 12. b4 Nh7 13. bxc5 Nxc5 14. Be3 b6 15. Bxc5 bxc5 16. Rab1 f5 17. Qa4 fxe4 18. Nxe4 Bf5 19. Nfd2 Nf6 20. Bf3 Nxe4 21. Nxe4 Rab8 22. Qc6 Bxe4 23. Bxe4 Kh7 24. Qa4 h5 25. Qc2 Qg5 26. h4 Qf6 27. Rxb8 Rxb8 28. Rd3 Qxh4 29. Bxg6+ Kg8 30. Rh3 Qd4 31. Qf5 Qf4 32. Qe6+ Kh8 33. Rxh5+ Bh6 34. g3 Qc1+ 35. Kg2 Rf8 36. Bf5 1-0

[Event "Krakow op-A 34th"]
[Site "Krakow"]
[Date "2023.12.28"]
[Round "2"]
[White "Marszalek, Maciej"]
[Black "Dzida, Kamil"]
[Result "0-1"]
[WhiteElo "2269"]
[BlackElo "2396"]
[PlyCount "84"]
[EventDate "2023.12.27"]
[EventType "swiss"]
[EventRounds "9"]
[EventCountry "POL"]
[SourceTitle "CB02_2024"]
[SourceDate "2024.01.10"]
[SourceVersion "1"]
[SourceVersionDate "2024.01.10"]
[SourceQuality "1"]

1. c4 e5 2. Nc3 Nf6 3. g3 c6 4. Nf3 e4 5. Nd4 Qb6 6. Nb3 d5 7. cxd5 cxd5 8. d4 Be6 9. Bg2 Nbd7 10. Bf4 a5 11. a4 Bb4 12. 0-0 0-0 13. Nb5 Rfc8 14. Rc1 Rc6 15. Rxc6 bxc6 16. Nc7 Rc8 17. Nxe6 fxe6 18. Bh3 Kf7 19. f3 exf3 20. Rxf3 c5 21. dxc5 Nxc5 22. Nd4 Kg8 23. Be3 Re8 24. Nc2 Qd6 25. Nxb4 axb4 26. Rf1 e5 27. Bg2 d4 28. Bd2 d3 29. e3 Rb8 30. a5 Nfe4 31. a6 Nxd2 32. Qxd2 Nxa6 33. Rc1 Nc5 34. Rc4 Nb3 35. Qd1 Na5 36. Rh4 d2 37. Bf3 Rd8 38. Kg2 Qd3 39. Be4 Nc4 40. Bxh7+ Qxh7 41. Rxc4 Qd3 42. Rxb4 Rf8 0-1

[Event "Krakow op-A 34th"]
[Site "Krakow"]
[Date "2023.12.27"]
[Round "1"]
[White "Krainski, Aleksander"]
[Black "Marszalek, Maciej"]
[Result "0-1"]
[WhiteElo "2102"]
[BlackElo "2269"]
[PlyCount "131"]
[EventDate "2023.12.27"]
[EventType "swiss"]
[EventRounds "9"]
[EventCountry "POL"]
[SourceTitle "CB02_2024"]
[SourceDate "2024.01.10"]
[SourceVersion "1"]
[SourceVersionDate "2024.01.10"]
[SourceQuality "1"]

1. d4 Nf6 2. Nf3 g6 3. e3 Bg7 4. Be2 d6 5. 0-0 0-0 6. Nc3 Nbd7 7. a4 e5 8. dxe5 dxe5 9. b3 Re8 10. Ba3 h6 11. Rb1 Nh7 12. e4 Nhf8 13. Qd2 Ne6 14. Rfd1 c6 15. Bf1 Nd4 16. Ne1 Qh4 17. Qe3 Nf6 18. Qg3 Qxg3 19. hxg3 h5 20. f3 Nh7 21. Ne2 Ne6 22. Nd3 Nhg5 23. Bd6 f6 24. Nc5 Nxc5 25. Bxc5 Ne6 26. Be3 Bf8 27. Kf2 Bb4 28. Nc1 Kg7 29. Na2 Be7 30. Nc3 Bb4 31. Na2 Be7 32. Nc3 f5 33. exf5 gxf5 34. f4 h4 35. Ne2 hxg3+ 36. Kxg3 Bf6 37. fxe5 Bxe5+ 38. Kf3 Kf6 39. g3 Rg8 40. Bg2 Ng5+ 41. Bxg5+ Rxg5 42. Rh1 Be6 43. Rh6+ Kf7 44. Rbh1 Rd8 45. Rh7+ Bg7 46. Ke3 Kg8 47. Bf3 Bf7 48. R7h4 Rg6 49. Rb4 b6 50. Rbh4 Re6+ 51. Kf2 Rd2 52. Rc4 c5 53. Ke1 Red6 54. Rf4 Rxc2 55. Rxf5 Bxb3 56. Rh4 Rb2 57. Rg5 Kf8 58. Nf4 Bf7 59. Rh7 Bf6 60. Rf5 Kg8 61. Rh3 Bc3+ 62. Kf1 Bc4+ 63. Kg1 Bd4+ 64. Kh1 Rb1+ 65. Kg2 Bf1+ 66. Kh2 0-1

[Event "Polanica Zdroj op 59th"]
[Site "Polanica Zdroj"]
[Date "2023.08.27"]
[Round "9"]
[White "Marszalek, Maciej"]
[Black "Pulpan, Jakub"]
[Result "1-0"]
[WhiteElo "2272"]
[BlackElo "2417"]
[PlyCount "69"]
[EventDate "2023.08.19"]
[EventType "swiss"]
[EventRounds "9"]
[EventCountry "POL"]
[SourceTitle "CBM 215 Extra"]
[Source "ChessBase"]
[SourceDate "2023.09.30"]
[SourceVersion "1"]
[SourceVersionDate "2023.09.30"]
[SourceQuality "1"]

1. c4 e5 2. Nc3 d6 3. g3 g6 4. Bg2 Bg7 5. e4 Nc6 6. Nge2 h5 7. h3 Be6 8. d3 Qd7 9. Nd5 Nce7 10. d4 c6 11. Nxe7 Qxe7 12. d5 cxd5 13. cxd5 Bd7 14. Qb3 b6 15. Nc3 Kf8 16. a4 h4 17. g4 Bh6 18. 0-0 Qf6 19. Ne2 Rc8 20. f4 exf4 21. Bxf4 Bxf4 22. Nxf4 Qd4+ 23. Kh1 Kg7 24. Qa3 Qe5 25. Nd3 Qe7 26. e5 Nh6 27. Rae1 Rhe8 28. exd6 Qg5 29. Re7 Rxe7 30. dxe7 Qe3 31. Qd6 Rc2 32. Qe5+ Qxe5 33. Nxe5 Bxa4 34. d6 Re2 35. Bc6 1-0

[Event "Polanica Zdroj op 59th"]
[Site "Polanica Zdroj"]
[Date "2023.08.26"]
[Round "8"]
[White "Chaczynski, Kamil"]
[Black "Marszalek, Maciej"]
[Result "0-1"]
[WhiteElo "2115"]
[BlackElo "2272"]
[PlyCount "150"]
[EventDate "2023.08.19"]
[EventType "swiss"]
[EventRounds "9"]
[EventCountry "POL"]
[SourceTitle "CBM 215 Extra"]
[Source "ChessBase"]
[SourceDate "2023.09.30"]
[SourceVersion "1"]
[SourceVersionDate "2023.09.30"]
[SourceQuality "1"]

1. d4 Nf6 2. c4 e6 3. g3 c5 4. d5 exd5 5. cxd5 d6 6. Bg2 g6 7. Nc3 Bg7 8. Nf3 0-0 9. 0-0 Re8 10. Bf4 h6 11. Qc1 g5 12. Bd2 Bf5 13. h4 g4 14. Ne1 Kh7 15. a4 Na6 16. Nc2 Nb4 17. Ne3 Bg6 18. h5 Nxh5 19. Nxg4 Nf6 20. Nxf6+ Qxf6 21. e4 a6 22. Ra3 Rad8 23. Be3 Nd3 24. Qc2 Nb4 25. Qe2 Qe7 26. g4 Bd4 27. Rb3 Bxe3 28. Qxe3 Nc2 29. Qd2 Nd4 30. Ra3 Qg5 31. Qxg5 hxg5 32. a5 Rb8 33. f3 Kg7 34. Rf2 b5 35. axb6 Rxb6 36. Bf1 Ra8 37. Nd1 Kf6 38. Ne3 Ke7 39. Nc4 Rb4 40. e5 dxe5 41. Nxe5 Kd6 42. Nxg6 fxg6 43. Bxa6 Rab8 44. Bd3 Kxd5 45. Ra2 R8b6 46. Kg2 Ne6 47. Be4+ Ke5 48. Kg3 Nf4 49. Rd2 Rb8 50. Ra5 R4b5 51. Rxb5 Rxb5 52. Kf2 c4 53. Ke3 Rb4 54. Kf2 Rb3 55. Kg3 Nd3 56. Re2 Kf6 57. Bxd3 cxd3 58. Re8 Rxb2 59. f4 gxf4+ 60. Kxf4 Rb4+ 61. Ke3 Kg5 62. Kxd3 Kxg4 63. Ke2 Rf4 64. Ra8 g5 65. Ra1 Kh3 66. Ke3 Rf8 67. Rh1+ Kg2 68. Rh5 g4 69. Rg5 g3 70. Rg7 Kh2 71. Rh7+ Kg1 72. Rg7 g2 73. Ke2 Re8+ 74. Kd3 Re1 75. Kd2 Re5 0-1

[Event "Polanica Zdroj op 59th"]
[Site "Polanica Zdroj"]
[Date "2023.08.25"]
[Round "7"]
[White "Marszalek, Maciej"]
[Black "Kondys, Piotr"]
[Result "1/2-1/2"]
[WhiteElo "2272"]
[BlackElo "2044"]
[PlyCount "47"]
[EventDate "2023.08.19"]
[EventType "swiss"]
[EventRounds "9"]
[EventCountry "POL"]
[SourceTitle "CBM 215 Extra"]
[Source "ChessBase"]
[SourceDate "2023.09.30"]
[SourceVersion "1"]
[SourceVersionDate "2023.09.30"]
[SourceQuality "1"]

1. c4 e6 2. Nf3 d5 3. g3 dxc4 4. Qa4+ Nd7 5. Qxc4 a6 6. Bg2 b5 7. Qc2 Bb7 8. 0-0 Ngf6 9. Nc3 c5 10. a4 Bc6 11. d3 Be7 12. Bg5 0-0 13. axb5 axb5 14. Nd2 Bxg2 15. Kxg2 Qb6 16. Bxf6 Nxf6 17. Qb3 Rfb8 18. Rxa8 Qc6+ 19. Kg1 Qxa8 20. Rc1 h6 21. Qd1 Qa5 22. Qb3 Qa8 23. Qd1 Qa5 24. Qb3 1/2-1/2

[Event "Polanica Zdroj op 59th"]
[Site "Polanica Zdroj"]
[Date "2023.08.23"]
[Round "5"]
[White "Marszalek, Maciej"]
[Black "Barchuk, Irina"]
[Result "1-0"]
[WhiteElo "2272"]
[BlackElo "2049"]
[PlyCount "189"]
[EventDate "2023.08.19"]
[EventType "swiss"]
[EventRounds "9"]
[EventCountry "POL"]
[SourceTitle "CBM 215 Extra"]
[Source "ChessBase"]
[SourceDate "2023.09.30"]
[SourceVersion "1"]
[SourceVersionDate "2023.09.30"]
[SourceQuality "1"]

1. c4 Nf6 2. g3 g6 3. Nc3 Bg7 4. Bg2 0-0 5. e4 d6 6. Nge2 e5 7. 0-0 Be6 8. d3 c6 9. f4 Qb6+ 10. Kh1 Ng4 11. f5 Bc8 12. Qe1 f6 13. Nd1 Bh6 14. Bxh6 Nxh6 15. Qd2 Kg7 16. Ne3 a5 17. g4 Qb4 18. Qc1 Na6 19. h4 Nc5 20. Qc2 Nf7 21. Ng3 Qb6 22. Rf3 Qd8 23. Rd1 g5 24. hxg5 Nxg5 25. Rf2 Qb6 26. Nef1 Na6 27. Qe2 Bd7 28. Nh2 Be8 29. Nf3 h6 30. Nh4 c5 31. Ng6 Rf7 32. Bf1 Kg8 33. Rh2 Rh7 34. Rh5 Nb4 35. Qh2 Kg7 36. a3 Nc6 37. Qf2 Nd4 38. Rh2 Bxg6 39. fxg6 Kxg6 40. Bg2 Rf8 41. Nf5 Nge6 42. Rf1 Nf4 43. Qh4 Nde6 44. Rf2 Rfh8 45. Bf1 Kf7 46. Be2 Ng5 47. Bd1 Ke6 48. Qg3 Qd8 49. Rxf4 exf4 50. Qxf4 Nf7 51. d4 b6 52. Ba4 Ng5 53. Bc6 Kf7 54. dxc5 dxc5 55. Rd2 Ne6 56. Qf2 Qb8 57. Nd6+ Ke7 58. Nf5+ Kf8 59. Nh4 Rf7 60. Bd5 Qd6 61. Nf5 Qe5 62. Bxe6 Qxe4+ 63. Kh2 Qe5+ 64. Qg3 Re7 65. Qxe5 fxe5 66. Nxe7 Kxe7 67. Bf5 Kf6 68. Rd6+ Kg5 69. Kg3 Rg8 70. Re6 h5 71. Rxe5 hxg4 72. Bxg4+ Kf6 73. Re6+ Kf7 74. Rxb6 Rd8 75. Bf3 Rd2 76. Bd5+ Ke7 77. Kf4 Kd7 78. Ke5 Re2+ 79. Be4 Kc7 80. Rb5 Kd7 81. Kd5 Kd8 82. a4 Ke7 83. Bf5 Rf2 84. Bc8 Kd8 85. Ba6 Rf5+ 86. Ke4 Rf2 87. b3 Kc7 88. Bb7 Rh2 89. Bd5 Rh4+ 90. Ke3 Rh3+ 91. Bf3 Rh2 92. Rxc5+ Kb6 93. Rg5 Rb2 94. c5+ Kc7 95. Bd5 1-0

[Event "Polanica Zdroj op 59th"]
[Site "Polanica Zdroj"]
[Date "2023.08.22"]
[Round "4"]
[White "Dziewonski, Dariusz"]
[Black "Marszalek, Maciej"]
[Result "1/2-1/2"]
[WhiteElo "2160"]
[BlackElo "2272"]
[PlyCount "54"]
[EventDate "2023.08.19"]
[EventType "swiss"]
[EventRounds "9"]
[EventCountry "POL"]
[SourceTitle "CBM 215 Extra"]
[Source "ChessBase"]
[SourceDate "2023.09.30"]
[SourceVersion "1"]
[SourceVersionDate "2023.09.30"]
[SourceQuality "1"]

1. e4 c5 2. Nf3 Nc6 3. Nc3 e5 4. Bc4 Be7 5. d3 Nf6 6. Nd2 d6 7. Nf1 Bg4 8. Qd2 0-0 9. Ne3 Be6 10. 0-0 Nd7 11. Qd1 Bg5 12. Ncd5 Na5 13. c3 Kh8 14. Kh1 Rb8 15. a4 Nxc4 16. dxc4 g6 17. b3 Bh6 18. Bd2 Rc8 19. f4 exf4 20. Ng4 Bg7 21. Nxf4 Ne5 22. Nxe5 Bxe5 23. Nxe6 fxe6 24. Rxf8+ Qxf8 25. Qf3 Qe7 26. Rf1 Qh4 27. g3 Qe7 1/2-1/2

[Event "Krakow op-A 33rd"]
[Site "Krakow"]
[Date "2022.12.27"]
[Round "1"]
[White "Marszalek, Maciej"]
[Black "Dotzer, Lukas"]
[Result "1/2-1/2"]
[WhiteElo "2285"]
[BlackElo "2155"]
[PlyCount "88"]
[EventDate "2022.12.27"]
[EventType "swiss"]
[EventRounds "9"]
[EventCountry "POL"]
[SourceTitle "CBM 212 Extra"]
[Source "ChessBase"]
[SourceDate "2023.03.31"]
[SourceVersion "1"]
[SourceVersionDate "2023.03.31"]
[SourceQuality "1"]

1. c4 Nf6 2. Nc3 d5 3. cxd5 Nxd5 4. d4 g6 5. g3 Bg7 6. Bg2 Nxc3 7. bxc3 c5 8. Nf3 Qa5 9. Bd2 0-0 10. 0-0 Rd8 11. Qb3 Qa6 12. Ng5 e6 13. Ne4 cxd4 14. Bg5 Re8 15. cxd4 Nd7 16. Rac1 h6 17. Be3 Nb6 18. Nc5 Qxe2 19. Rfe1 Qh5 20. Nxb7 Bxb7 21. Bxb7 Rab8 22. Bc6 Red8 23. Bf4 Rbc8 24. Rc5 g5 25. Bf3 Qg6 26. Be4 Qf6 27. Be3 Qe7 28. Rec1 Rb8 29. Rc7 Rd7 30. Qc2 Rbd8 31. Rxd7 Qxd7 32. Rd1 Nd5 33. Qb3 Rc8 34. Bxd5 Qxd5 35. Qxd5 exd5 36. Rb1 Rc4 37. Rb8+ Kh7 38. Rb7 Kg6 39. Rxa7 Bxd4 40. Bxd4 Rxd4 41. Kf1 Rd2 42. a4 Ra2 43. Rd7 Rxa4 44. Rxd5 Ra2 1/2-1/2

[Event "POL-chT 1st League"]
[Site "Sypniewo"]
[Date "2022.09.09"]
[Round "7.7"]
[White "Robak, Zbigniew"]
[Black "Marszalek, Maciej"]
[Result "1/2-1/2"]
[WhiteElo "2192"]
[BlackElo "2273"]
[PlyCount "20"]
[EventDate "2022.09.03"]
[EventType "team-swiss"]
[EventRounds "9"]
[EventCountry "POL"]
[SourceTitle "CBM 210 Extra"]
[Source "ChessBase"]
[SourceDate "2022.11.30"]
[SourceVersion "1"]
[SourceVersionDate "2022.11.30"]
[SourceQuality "1"]
[WhiteTeam "Bydgoszcz Hetman"]
[BlackTeam "Stara Wies Parnas"]
[WhiteTeamCountry "POL"]
[BlackTeamCountry "POL"]

1. d4 Nf6 2. Nc3 g6 3. e4 d6 4. g3 Bg7 5. Bg2 0-0 6. Nge2 Nbd7 7. h3 c6 8. a4 a5 9. 0-0 e5 10. Be3 Re8 1/2-1/2

[Event "Bystre op 2nd"]
[Site "Bystre"]
[Date "2022.07.21"]
[Round "6"]
[White "Kyc, Jerzy"]
[Black "Marszalek, Maciej"]
[Result "1-0"]
[WhiteElo "2203"]
[BlackElo "2268"]
[PlyCount "79"]
[EventDate "2022.07.17"]
[EventType "swiss"]
[EventRounds "9"]
[EventCountry "POL"]
[SourceTitle "CBM 209 Extra"]
[Source "ChessBase"]
[SourceDate "2022.09.30"]
[SourceVersion "1"]
[SourceVersionDate "2022.09.30"]
[SourceQuality "1"]

1. e4 e5 2. Nf3 Nc6 3. Bc4 Nf6 4. d3 Bc5 5. Nc3 h6 6. Be3 Bxe3 7. fxe3 d6 8. 0-0 Na5 9. Bb3 Nxb3 10. axb3 0-0 11. Qe1 c6 12. h3 Nh7 13. Qg3 Be6 14. Kh2 a6 15. d4 exd4 16. exd4 d5 17. e5 Qe7 18. Rf2 c5 19. Raf1 cxd4 20. Nxd4 Rad8 21. h4 Rfe8 22. Rxf7 Qxf7 23. Rxf7 Kxf7 24. Nce2 Nf8 25. Nf4 Kg8 26. b4 Bc8 27. Nh5 Re7 28. b5 axb5 29. Nxb5 Bf5 30. Nd6 Bg6 31. Nf4 Be4 32. c4 Rxe5 33. Nxd5 Rxd5 34. cxd5 Bxd5 35. Nf5 Rd7 36. Nxh6+ Kh7 37. Nf5 Be6 38. Nd6 Ng6 39. h5 Ne7 40. Qe5 1-0

[Event "Krakow op-A"]
[Site "Krakow"]
[Date "2022.07.02"]
[Round "9"]
[White "Sekar, B."]
[Black "Marszalek, Maciej"]
[Result "1/2-1/2"]
[WhiteElo "2241"]
[BlackElo "2287"]
[PlyCount "88"]
[EventDate "2022.06.25"]
[EventType "swiss"]
[EventRounds "9"]
[EventCountry "POL"]
[SourceTitle "CBM 209 Extra"]
[Source "ChessBase"]
[SourceDate "2022.09.30"]
[SourceVersion "1"]
[SourceVersionDate "2022.09.30"]
[SourceQuality "1"]

1. e4 e5 2. Nf3 Nc6 3. Bb5 a6 4. Ba4 Nf6 5. 0-0 b5 6. Bb3 Be7 7. Re1 0-0 8. h3 Bb7 9. d3 d6 10. Bd2 Re8 11. a4 Qd7 12. Nc3 Nd8 13. Nd5 Ne6 14. Be3 Bd8 15. c3 Nc5 16. Bxc5 dxc5 17. d4 exd4 18. Nxf6+ Bxf6 19. e5 c4 20. exf6 Rxe1+ 21. Nxe1 cxb3 22. axb5 axb5 23. Rxa8+ Bxa8 24. cxd4 gxf6 25. Qxb3 Qxd4 26. Qg3+ Kh8 27. Qxc7 Qe4 28. Qd8+ Kg7 29. Qd2 Qe5 30. f3 Bd5 31. Kf2 Bc4 32. f4 Qc5+ 33. Qe3 Qb4 34. Qg3+ Kh8 35. Qc3 Qd6 36. Kg3 Bd5 37. Nc2 Be4 38. Qd4 Qc6 39. Ne3 Kg7 40. Kf2 h5 41. Kg3 Kg6 42. Kf2 Kh7 43. Kg3 Kg6 44. Kf2 Bd3 1/2-1/2

[Event "Krakow op-A"]
[Site "Krakow"]
[Date "2022.06.28"]
[Round "5"]
[White "Marszalek, Maciej"]
[Black "Leniart, Arkadiusz"]
[Result "0-1"]
[WhiteElo "2287"]
[BlackElo "2476"]
[PlyCount "94"]
[EventDate "2022.06.25"]
[EventType "swiss"]
[EventRounds "9"]
[EventCountry "POL"]
[SourceTitle "CBM 209 Extra"]
[Source "ChessBase"]
[SourceDate "2022.09.30"]
[SourceVersion "1"]
[SourceVersionDate "2022.09.30"]
[SourceQuality "1"]

1. d4 Nf6 2. c4 e6 3. g3 d5 4. Nf3 Bb4+ 5. Bd2 Bd6 6. Bg2 c6 7. Nc3 Nbd7 8. 0-0 0-0 9. Bg5 h6 10. Bxf6 Nxf6 11. Nd2 Be7 12. e3 b6 13. Qa4 Bb7 14. cxd5 exd5 15. Rfd1 Re8 16. Rac1 Bf8 17. Nf3 Bd6 18. Nd2 Bf8 19. Nf3 Nd7 20. Ne2 Bd6 21. Nf4 Qe7 22. Nd3 c5 23. Nh4 g6 24. dxc5 bxc5 25. Nf4 Nb6 26. Qc2 Bxf4 27. exf4 Rac8 28. a4 Red8 29. a5 Nc4 30. b3 Nxa5 31. Ra1 Nc6 32. Nxg6 fxg6 33. Qxg6+ Qg7 34. Bxd5+ Kh8 35. f5 Qxg6 36. fxg6 Kg7 37. Be4 Rxd1+ 38. Rxd1 Rc7 39. Ra1 a6 40. f4 Nd4 41. Bxb7 Rxb7 42. Rxa6 Rxb3 43. Kf2 c4 44. Rd6 Rb2+ 45. Ke1 c3 46. Rxd4 Rb1+ 47. Rd1 c2 0-1

[Event "Krakow op-A"]
[Site "Krakow"]
[Date "2022.06.26"]
[Round "3"]
[White "Marszalek, Maciej"]
[Black "Turski, Bartlomiej"]
[Result "1-0"]
[WhiteElo "2287"]
[BlackElo "2192"]
[PlyCount "49"]
[EventDate "2022.06.25"]
[EventType "swiss"]
[EventRounds "9"]
[EventCountry "POL"]
[SourceTitle "CBM 209 Extra"]
[Source "ChessBase"]
[SourceDate "2022.09.30"]
[SourceVersion "1"]
[SourceVersionDate "2022.09.30"]
[SourceQuality "1"]

1. c4 e5 2. Nc3 Nf6 3. g3 d5 4. cxd5 Nxd5 5. Bg2 Nb6 6. e3 Be7 7. Nge2 Nc6 8. 0-0 0-0 9. f4 exf4 10. Nxf4 Ne5 11. d4 Ng6 12. Nd3 c6 13. Nc5 Qc7 14. b4 a5 15. b5 Bxc5 16. dxc5 cxb5 17. Qd4 b4 18. Nb5 Qd7 19. cxb6 Qxb5 20. Bb2 f6 21. Bd5+ Kh8 22. Rxf6 Rxf6 23. Qxf6 Qd7 24. Bf7 Ne5 25. Bxe5 1-0

[Event "POL-chT 1st League"]
[Site "Szklarska Poreba"]
[Date "2021.09.09"]
[Round "6.2"]
[White "Marszalek, Maciej"]
[Black "Kovalenko, Igor"]
[Result "0-1"]
[WhiteElo "2291"]
[BlackElo "2651"]
[PlyCount "146"]
[EventDate "2021.09.04"]
[EventType "team-swiss"]
[EventRounds "9"]
[EventCountry "POL"]
[SourceTitle "CBM 204 Extra"]
[Source "ChessBase"]
[SourceDate "2021.11.30"]
[SourceVersion "1"]
[SourceVersionDate "2021.11.30"]
[SourceQuality "1"]
[WhiteTeam "Stara Wies Parnas"]
[BlackTeam "Kopernik WKS"]
[WhiteTeamCountry "POL"]
[BlackTeamCountry "POL"]

1. d4 Nf6 2. c4 g6 3. g3 Bg7 4. Bg2 d6 5. Nf3 0-0 6. Nc3 a6 7. 0-0 Nc6 8. b3 Rb8 9. d5 Na5 10. Bg5 h6 11. Bd2 c5 12. dxc6 Nxc6 13. Rc1 Be6 14. Bf4 Kh7 15. Qd2 Qa5 16. Rfd1 Rfc8 17. Ne1 Bf5 18. Nd5 Qxd2 19. Nxf6+ Bxf6 20. Rxd2 b6 21. Nd3 a5 22. Be3 g5 23. a4 Bd4 24. Bxc6 Bxe3 25. fxe3 Rxc6 26. Rf1 Kg6 27. Nf2 f6 28. e4 Be6 29. Nd1 Rc5 30. Nc3 Re5 31. Rd4 Kf7 32. Rc1 h5 33. Kf2 Bd7 34. Rd5 Re6 35. Rd4 Bc6 36. Nd5 Re5 37. Rb1 Rh8 38. h3 Kg6 39. Rc1 Rc8 40. Rc3 Rb8 41. Re3 Kf7 42. Rd1 Bd7 43. Kg2 Be6 44. Nc7 Bf5 45. Rd4 Bg6 46. Nd5 Ke8 47. Kf2 Kd7 48. Nc3 Bf7 49. Red3 Kc6 50. Nd5 Kc5 51. Ke3 f5 52. Nc3 Rf8 53. Kd2 f4 54. gxf4 gxf4 55. Nd1 Rg8 56. Kc3 Rg3 57. Nf2 Kc6 58. h4 Be6 59. Rf3 Bg4 60. Rxg3 fxg3 61. Nxg4 hxg4 62. Rd3 Rh5 63. Rxg3 Rxh4 64. e3 Kc5 65. Rg1 Rh3 66. Rxg4 Rxe3+ 67. Kc2 Kb4 68. Kd2 Rxb3 69. e5 dxe5 70. Re4 Kc5 71. Rxe5+ Kxc4 72. Rxe7 Rb4 73. Re6 Kb3 0-1

[Event "POL-chT 1st League"]
[Site "Szklarska Poreba"]
[Date "2021.09.07"]
[Round "4.1"]
[White "Tomczak, Jacek"]
[Black "Marszalek, Maciej"]
[Result "1-0"]
[WhiteElo "2589"]
[BlackElo "2291"]
[PlyCount "65"]
[EventDate "2021.09.04"]
[EventType "team-swiss"]
[EventRounds "9"]
[EventCountry "POL"]
[SourceTitle "CBM 204 Extra"]
[Source "ChessBase"]
[SourceDate "2021.11.30"]
[SourceVersion "1"]
[SourceVersionDate "2021.11.30"]
[SourceQuality "1"]
[WhiteTeam "Gliwice Akademia Szachowa"]
[BlackTeam "Stara Wies Parnas"]
[WhiteTeamCountry "POL"]
[BlackTeamCountry "POL"]

1. e4 g6 2. d4 Bg7 3. Nc3 d6 4. Bg5 a6 5. f4 b5 6. Nf3 Bb7 7. Bd3 Nd7 8. e5 c5 9. Be4 Bxe4 10. Nxe4 f6 11. Bh4 Nh6 12. e6 Nb6 13. dxc5 dxc5 14. Qxd8+ Rxd8 15. Nxc5 0-0 16. Nxa6 Rd6 17. 0-0 Nc4 18. Nc7 Nxb2 19. Rfe1 Rc6 20. Nd5 Nf5 21. Rab1 Nc4 22. Nd4 Nxd4 23. Nxe7+ Kh8 24. Nxc6 Nxc6 25. Rxb5 Ne7 26. Bf2 Re8 27. Reb1 Bf8 28. Bc5 Nc8 29. Bxf8 Rxf8 30. Rc5 N4d6 31. Rb8 Re8 32. Rc7 Rxe6 33. c4 1-0

[Event "Rubinstein Memorial op-A 57th"]
[Site "Polanica Zdroj"]
[Date "2021.08.20"]
[Round "7"]
[White "Marszalek, Maciej"]
[Black "Golecki, Jan"]
[Result "1-0"]
[WhiteElo "2303"]
[BlackElo "2102"]
[PlyCount "98"]
[EventDate "2021.08.14"]
[EventType "swiss"]
[EventRounds "9"]
[EventCountry "POL"]
[SourceTitle "CBM 203 Extra"]
[Source "ChessBase"]
[SourceDate "2021.09.30"]
[SourceVersion "1"]
[SourceVersionDate "2021.09.30"]
[SourceQuality "1"]

1. d4 Nf6 2. c4 e6 3. g3 Bb4+ 4. Bd2 Be7 5. Bg2 d5 6. Nf3 0-0 7. 0-0 c6 8. Nc3 dxc4 9. a4 c5 10. Bg5 Nc6 11. dxc5 Bxc5 12. Qc2 Nb4 13. Qc1 h6 14. Bxf6 Qxf6 15. Ne4 Qe7 16. Qxc4 Bb6 17. a5 Bd8 18. Nc5 Nd5 19. e4 Nc7 20. e5 Nd5 21. Ne4 Bc7 22. Nc3 b5 23. Nxd5 exd5 24. Qxd5 Be6 25. Qe4 Bc4 26. Rfd1 Rad8 27. a6 Bb6 28. Qc2 Qe6 29. Qc3 Rc8 30. Qe1 Rfd8 31. Bf1 Bd5 32. Nd4 Qg4 33. Qe2 Qg6 34. b3 Ba8 35. Bh3 Rc3 36. Nf5 Re8 37. Rd6 Qg5 38. Qxb5 Rec8 39. Rf1 Be4 40. Rxb6 axb6 41. Nd6 Bd3 42. Qd5 R8c7 43. Nxf7 Qh5 44. Ng5+ Kf8 45. Ne6+ Ke7 46. Qd8+ Kf7 47. Qf8+ Kg6 48. Nf4+ Kh7 49. Nxh5 Bf5 1-0